| 000 | 00451nam a22001697a 4500 | ||
|---|---|---|---|
| 005 | 20240802111458.0 | ||
| 008 | 240502b |||||||| |||| 00| 0 eng d | ||
| 082 |
_a612 _bRAN-R |
||
| 100 | _aRang & Dale's | ||
| 245 |
_aRang & Dale's Pharmacology / _bill ; _cRang & Dale's |
||
| 250 | _a7th ed . | ||
| 260 |
_aindia. _bjaypee. |
||
| 300 |
_aviii,776p. _bill; _c24cm. |
||
| 500 | _ainclude index . | ||
| 650 | _aMedical / Pharmacology | ||
| 999 |
_c35659 _d35659 |
||